000 01137nam a22003377a 4500
003 CHAP
005 20220329143618.0
008 100921s2008 nl a r 00010 eng d
010 _a99302
011 _a100274
020 _a9789086860739
035 _a110960
040 _cCHAP
082 1 4 _a546.724
_bC93
245 0 0 _aCurrent advances in selenium research and applications
_c/por Peter F. Surai y Jules A. Taylor-Pickard
260 _aWagengingen, N.L. :
_bWageningen Academic,
_c2008
300 _a351 p. :
_bilus., cuadros, gráfs., tablas
590 _aBATCH-UPD
_b10
_c20130110
_lUCH01
_h1424
590 _aBATCH-UPD
_b10
_c20130410
_lUCH01
_h0904
590 _aBATCH-UPD
_b10
_c20130914
_lUCH01
_h2017
590 _aCONVERSION
_b10
_c20130109
_lUCH01
_h1355
650 1 4 _aSelenio en nutrición animal.
_9103793
650 1 4 _aSelenio en plantas.
_9103794
650 1 4 _aSelenio.
_9103791
650 1 4 _aSelenio
_xToxicidad.
_9103792
700 1 _aSurai, Peter F.
_9110762
700 1 _aTaylor-Pickard, J.A.
_9111848
901 _aBK
942 _cLIBRO
949 _a546.724 C93
_bBC
_cLIBRO
_d33724002119702
_eLIBRO
_h113518
_i110960
_sb
999 _c99302
_d99302